000 00309nam a22001457a 4500
008 210301b ||||| |||| 00| 0 eng d
020 _a9780071761147
041 _aeng
080 _28th
_a616.8
082 _a616.8
100 _a7
101 _aNEU
245 _aNeurology
_cAnschel, D.J
942 _2udc
_cBK
999 _c55419
_d55419